[Event "50th Sparkassen Open A"]
[Site "Dortmund GER"]
[Date "2023.06.27"]
[Round "4.12"]
[White "Rathanvel, V S"]
[Black "Dolzhykova, Kateryna"]
[Result "1-0"]
[WhiteTitle "IM"]
[BlackTitle "WIM"]
[WhiteElo "2463"]
[BlackElo "2321"]
[WhiteFideId "25002112"]
[BlackFideId "14113414"]
[EventDate "2023.06.24"]

1. e4 c5 2. Nf3 d6 3. d4 cxd4 4. Nxd4 Nf6 5. Nc3 g6 6. Be3 Bg7 7. f3 Nc6 8. Qd2
O-O 9. O-O-O d5 10. exd5 Nxd5 11. Nxc6 bxc6 12. Bd4 e5 13. Bc5 Re8 14. Ne4 Qc7
15. h4 f5 16. Nd6 Rd8 17. Nxc8 Raxc8 18. h5 e4 19. Bc4 Rb8 20. c3 Be5 21. hxg6
hxg6 22. fxe4 fxe4 23. Rdf1 Rb5 24. Qg5 1-0

[Event "50th Sparkassen Open A"]
[Site "Dortmund GER"]
[Date "2023.06.27"]
[Round "4.13"]
[White "Wagner, Dennis"]
[Black "Niermann, Tristan"]
[Result "1-0"]
[WhiteTitle "GM"]
[BlackTitle "FM"]
[WhiteElo "2598"]
[BlackElo "2336"]
[WhiteFideId "24650684"]
[BlackFideId "12990698"]
[EventDate "2023.06.24"]

1. e4 c5 2. Nf3 d6 3. d4 cxd4 4. Nxd4 Nf6 5. Nc3 Nc6 6. Bg5 e6 7. Qd2 a6 8.
O-O-O Bd7 9. Kb1 Be7 10. Nxc6 Bxc6 11. f3 b5 12. h4 O-O 13. Ne2 Qc7 14. Nd4 Bb7
15. g4 Rfd8 16. Bd3 b4 17. h5 Rac8 18. Be3 e5 19. Nf5 Bf8 20. Bg5 d5 21. Bxf6
gxf6 22. g5 dxe4 23. fxe4 Bxe4 24. gxf6 Kh8 25. Qg5 b3 26. Rdg1 bxc2+ 27. Kc1 1-0

[Event "50th Sparkassen Open A"]
[Site "Dortmund GER"]
[Date "2023.06.27"]
[Round "4.14"]
[White "Prohaszka, Peter2"]
[Black "Tokhirjonova, Gulrukhbegim"]
[Result "1-0"]
[WhiteTitle "GM"]
[BlackTitle "WGM"]
[WhiteElo "2585"]
[BlackElo "2340"]
[WhiteFideId "726265"]
[BlackFideId "14203626"]
[EventDate "2023.06.24"]

1. Nf3 Nf6 2. g3 g6 3. Bg2 Bg7 4. d4 d5 5. O-O O-O 6. c3 c6 7. a4 Bf5 8. Nbd2
Re8 9. Re1 Nbd7 10. Nh4 Be6 11. a5 Qc8 12. e4 dxe4 13. Nxe4 Nxe4 14. Bxe4 Bd5
15. Bxd5 cxd5 16. Nf3 Qc6 17. Qb3 h6 18. h4 Rad8 19. Be3 Bf8 20. h5 gxh5 21. Bf4
Nf6 22. Kg2 h4 23. Nxh4 Nh5 24. Be5 Qc8 25. Qd1 Ng7 26. Rh1 f6 27. Bf4 h5 28.
Bh6 Qg4 29. Qxg4 hxg4 30. Ng6 Kf7 31. Nh8+ Kg8 32. Ng6 Kf7 33. Nxf8 Rxf8 34.
Bxg7 Kxg7 35. Rae1 Rfe8 36. Rh4 f5 37. Rh5 e6 38. f3 gxf3+ 39. Kxf3 Kg6 40. Reh1
e5 41. Rh6+ Kg7 42. Rh7+ Kg6 43. R1h6+ Kg5 44. Rh5+ Kf6 45. R7h6+ Kg7 46. dxe5
Rxe5 47. Kf4 Re4+ 48. Kg5 Rg4+ 49. Kxf5 Rxg3 50. Rh7+ Kf8 51. Rh8+ Rg8 52. Ke6
Re8+ 53. Kxd5 Re2 54. b4 Rd2+ 55. Kc4 Rd7 56. R5h7 Rxh7 57. Rxh7 Rg4+ 58. Kd5
Rg5+ 59. Kd6 Rg6+ 60. Kc7 b5 61. Kb7 a6 62. Rc7 Ke8 63. Rc6 Rg5 64. Kxa6 Kd7 65.
Kb6 1-0

[Event "50th Sparkassen Open A"]
[Site "Dortmund GER"]
[Date "2023.06.27"]
[Round "4.16"]
[White "Doluhanova, Evgeniya"]
[Black "Samant, Aditya S"]
[Result "0-1"]
[WhiteTitle "WGM"]
[BlackTitle "IM"]
[WhiteElo "2278"]
[BlackElo "2503"]
[WhiteFideId "14112035"]
[BlackFideId "35080580"]
[EventDate "2023.06.24"]

1. c4 e5 2. Nc3 Nf6 3. Nf3 Nc6 4. e3 Bb4 5. Qc2 Bxc3 6. Qxc3 Qe7 7. a3 d5 8.
cxd5 Nxd5 9. Qb3 Nb6 10. d3 O-O 11. Be2 a5 12. Bd2 a4 13. Qc3 f6 14. Rc1 Rd8 15.
O-O Be6 16. e4 Bg4 17. Be3 Nc8 18. h3 Bxf3 19. Bxf3 Qf7 20. Bg4 Nd6 21. f4 Nb5
22. Qc5 Nbd4 23. Bxd4 Ra5 24. Qc3 exd4 25. Qd2 Ra6 26. e5 fxe5 27. fxe5 Qe7 28.
Qf4 Nxe5 29. Rce1 Ra5 30. Re4 Re8 31. Qf2 Rd5 32. Rfe1 Qd6 33. Qg3 g6 34. Kh1
Kg7 35. Bd1 b5 36. b3 axb3 37. Bxb3 Rc5 38. h4 Rc3 39. Rxe5 Rxe5 40. Rxe5 Rxb3
41. h5 Rxd3 42. h6+ Kxh6 43. Qh4+ Kg7 44. Re7+ Kf8 45. Re1 Re3 46. Qh6+ Kg8 47.
Rxe3 dxe3 48. Qxe3 c6 49. Qc3 h5 50. Kg1 Kf7 51. Qh8 Ke6 52. Qe8+ Kd5 53. Qf7+
Kc5 54. Kh1 Kb6 55. Qf2+ c5 56. Qe3 Ka5 57. Qe4 c4 58. Qa8+ Kb6 59. Qf3 Qc6 60.
Qf2+ Ka6 61. Qe2 h4 62. Kh2 Qd6+ 0-1

[Event "50th Sparkassen Open A"]
[Site "Dortmund GER"]
[Date "2023.06.27"]
[Round "4.17"]
[White "Pourkashiyan, Atousa"]
[Black "Prraneeth, Vuppala"]
[Result "1/2-1/2"]
[WhiteTitle "WGM"]
[BlackTitle "IM"]
[WhiteElo "2282"]
[BlackElo "2498"]
[WhiteFideId "12502014"]
[BlackFideId "46622373"]
[EventDate "2023.06.24"]

1. e4 e5 2. Nf3 Nc6 3. Bb5 a6 4. Ba4 Nf6 5. O-O b5 6. Bb3 Bc5 7. a4 Rb8 8. c3 d6
9. d4 Bb6 10. Qd3 O-O 11. Bg5 h6 12. Bxf6 Qxf6 13. axb5 axb5 14. Qxb5 Na7 15.
Qd3 exd4 16. cxd4 Nc6 17. Ra4 Bd7 18. Nc3 Ne7 19. Raa1 Bg4 20. Ne2 Ng6 21. Rfd1
c5 22. h3 Bxf3 23. Qxf3 Qxf3 24. gxf3 cxd4 25. Bd5 Rfc8 26. b4 Rc2 27. Ra2 Rxa2
28. Bxa2 Ra8 29. Bd5 Ra3 30. Nxd4 Nf4 31. Kh2 Bxd4 32. Rxd4 Rxf3 33. Rd2 Rxh3+
34. Kg1 Nxd5 35. Rxd5 Rb3 36. b5 Kf8 37. Rxd6 Rxb5 38. Kg2 Rg5+ 39. Kh3 Ke7 40.
Ra6 Rg1 41. f3 f6 42. Kh4 Kf7 43. Rb6 g5+ 44. Kh5 Rh1+ 45. Kg4 Rf1 46. e5 f5+
47. Kxf5 Rxf3+ 48. Ke4 Rf4+ 49. Kd5 h5 50. Rh6 h4 51. e6+ Ke8 52. Kd6 Rd4+ 53.
Ke5 Rd1 54. Kf6 Rf1+ 55. Kxg5 1/2-1/2

[Event "50th Sparkassen Open A"]
[Site "Dortmund GER"]
[Date "2023.06.27"]
[Round "4.18"]
[White "Raja, Rithvik R"]
[Black "Dedebas, Emre Emin"]
[Result "1-0"]
[WhiteTitle "GM"]
[BlackTitle "FM"]
[WhiteElo "2488"]
[BlackElo "2305"]
[WhiteFideId "35007394"]
[BlackFideId "6349005"]
[EventDate "2023.06.24"]

1. d4 d5 2. c4 dxc4 3. Nf3 c5 4. e3 cxd4 5. Bxc4 Qc7 6. Bb3 dxe3 7. Bxe3 Nf6 8.
Nc3 e6 9. O-O Nc6 10. Nb5 Qa5 11. Nfd4 Bd7 12. Bf4 Rc8 13. Rc1 Be7 14. Nd6+ Bxd6
15. Bxd6 Ne4 16. Ba3 Qd2 17. Bxe6 fxe6 18. Qh5+ g6 19. Qh4 Qxd4 20. Rxc6 Qf6 21.
Rxc8+ Bxc8 22. Qxe4 Kf7 23. Rc1 Rd8 24. h3 Kg8 25. Rc7 e5 26. Be7 Rd1+ 27. Kh2
Qe6 28. Qc2 1-0

[Event "50th Sparkassen Open A"]
[Site "Dortmund GER"]
[Date "2023.06.27"]
[Round "4.19"]
[White "Karthik, Rajaa"]
[Black "Dudin, Gleb"]
[Result "1/2-1/2"]
[WhiteTitle "FM"]
[BlackTitle "IM"]
[WhiteElo "2276"]
[BlackElo "2486"]
[WhiteFideId "25035215"]
[BlackFideId "34184934"]
[EventDate "2023.06.24"]

1. d4 Nf6 2. Nf3 e6 3. Bf4 d5 4. e3 c5 5. c3 Nc6 6. Nbd2 Nh5 7. Be5 f6 8. Bg3 g6
9. Bd3 Qb6 10. Rb1 cxd4 11. exd4 Bg7 12. O-O Nxg3 13. hxg3 O-O 14. Bc2 Bd7 15.
Nb3 Rad8 16. Nc5 Bc8 17. b4 Qc7 18. Re1 Rfe8 19. Bb3 Kh8 20. Rc1 Bh6 21. Rc2 b6
22. Nd3 Ne7 23. g4 Qd6 24. g5 Bxg5 25. Nxg5 fxg5 26. Qc1 h6 27. Ne5 Rf8 28. Rce2
Kg7 29. Bc2 Rf6 30. b5 Bd7 31. Bd3 Rc8 32. Qb2 Nf5 33. Ng4 Rff8 34. Ne5 Be8 35.
Ng4 Bf7 36. Ne5 Be8 37. Ng4 Bf7 38. Ne5 Be8 1/2-1/2

[Event "50th Sparkassen Open A"]
[Site "Dortmund GER"]
[Date "2023.06.28"]
[Round "5.1"]
[White "Aryan, Chopra"]
[Black "Donchenko, Alexander"]
[Result "1/2-1/2"]
[WhiteTitle "GM"]
[BlackTitle "GM"]
[WhiteElo "2626"]
[BlackElo "2667"]
[WhiteFideId "5084423"]
[BlackFideId "24603295"]
[EventDate "2023.06.24"]

1. e4 e5 2. Nf3 Nc6 3. Bc4 Nf6 4. Ng5 d5 5. exd5 Na5 6. Bb5+ Bd7 7. Qe2 Be7 8.
Bxd7+ Qxd7 9. O-O h6 10. Nf3 e4 11. Ne1 Qxd5 12. Nc3 Qc4 13. Qxc4 Nxc4 14. d3
exd3 15. Nxd3 O-O-O 16. b3 Nb6 1/2-1/2

[Event "50th Sparkassen Open A"]
[Site "Dortmund GER"]
[Date "2023.06.28"]
[Round "5.2"]
[White "Bluebaum, Matthias"]
[Black "Kobo, Ori"]
[Result "1/2-1/2"]
[WhiteTitle "GM"]
[BlackTitle "GM"]
[WhiteElo "2672"]
[BlackElo "2556"]
[WhiteFideId "24651516"]
[BlackFideId "2812320"]
[EventDate "2023.06.24"]

1. d4 Nf6 2. c4 g6 3. Nc3 Bg7 4. e4 d6 5. h3 Nbd7 6. Bd3 e5 7. d5 O-O 8. Nge2 c6
9. Bg5 cxd5 10. cxd5 Nc5 11. Bc2 a5 12. O-O Bd7 13. a4 Qb6 14. Rb1 Qa6 15. b4
axb4 16. Rxb4 Qa5 17. Qb1 Rfc8 18. Be3 Be8 19. Nb5 Qd8 20. Rc4 Bxb5 21. Qxb5
Nfd7 22. Nc1 Ra5 23. Qb1 Rca8 24. Nd3 Nb6 25. Rxc5 dxc5 26. Nxc5 Qf6 27. Nxb7
R5a7 28. a5 Rxb7 29. axb6 Rab8 30. Ba4 Rxb6 31. Bxb6 Rxb6 32. Qc2 Bf8 33. Rd1
Bd6 34. Rd3 Qe7 35. Rc3 Kg7 36. Rc6 Rxc6 37. dxc6 h5 38. Bb3 h4 39. Qd3 Qc7 40.
Qd5 Qe7 41. Kf1 Bc7 42. Ke2 Bb6 43. Qb5 Bc7 44. g3 hxg3 45. fxg3 Qf6 46. Qc5 Kg8
47. h4 Kg7 48. Bd5 Qd8 49. Qb4 Qc8 50. Qb3 Qa6+ 51. Qd3 Qa7 52. Qf3 Bb6 53. Bc4
f6 54. Qb3 Kh6 55. Qb4 Kg7 56. Kf3 Qc7 57. Qb5 Qd8 58. Bd5 Bc7 59. Qc5 f5 60.
Kg2 f4 61. Qf2 Qe7 62. Qf3 fxg3 63. Qxg3 Kh6 64. Qf2 Kg7 65. Kh3 Qf6 66. Qxf6+
Kxf6 67. Kg4 Bd8 68. Bc4 Bc7 69. Ba6 Bd8 70. Bc8 Bc7 71. Bd7 Kg7 72. Be8 Kf6 73.
Kf3 Bd8 74. Kg3 Ba5 75. Kg4 Bc7 76. Kf3 Bd8 77. Ke3 Ke7 78. Bxg6 Kd6 79. h5 Kxc6
80. Kf3 Kd6 81. h6 Ke6 82. Kg4 Kf6 83. h7 Kg7 84. Kf5 Bc7 85. Ke6 Kh8 86. Bf5
Bb8 87. Kd7 Ba7 88. Ke6 Bd4 1/2-1/2

[Event "50th Sparkassen Open A"]
[Site "Dortmund GER"]
[Date "2023.06.28"]
[Round "5.3"]
[White "Adams, Michael"]
[Black "Samunenkov, Ihor"]
[Result "1/2-1/2"]
[WhiteTitle "GM"]
[BlackTitle "IM"]
[WhiteElo "2666"]
[BlackElo "2499"]
[WhiteFideId "400041"]
[BlackFideId "14187086"]
[EventDate "2023.06.24"]

1. e4 c5 2. Nf3 Nc6 3. Bb5 e6 4. O-O Nge7 5. Re1 b6 6. c3 a6 7. Bf1 d5 8. e5 d4
9. d3 h6 10. Nbd2 Bb7 11. g3 Nd5 12. Ne4 b5 13. c4 bxc4 14. dxc4 Nb6 15. Bf4 Be7
16. h4 a5 17. Nfd2 g5 18. hxg5 hxg5 19. Bxg5 Nxe5 20. Bxe7 Qxe7 21. Bg2 Kf8 22.
Qe2 Ng6 23. Rad1 Kg7 24. Nb3 Nd7 25. Qd2 Bxe4 26. Bxe4 a4 27. Nxc5 Nxc5 28. Bxa8
Rxa8 29. Qxd4+ e5 30. Qd6 Qa7 31. Rxe5 Nxe5 32. Qxe5+ f6 33. Qe3 Qc7 34. Rd5 Rc8
35. b4 axb3 36. axb3 Qc6 37. b4 Ne6 38. b5 Qe8 39. c5 Rc7 40. c6 Re7 41. Qc3 Nf4
42. Rg5+ Ng6 43. Kg2 Re1 44. Rf5 Qe2 45. Qxf6+ Kh6 46. Qg5+ Kg7 47. Qf6+ Kh6 48.
Qg5+ 1/2-1/2

[Event "50th Sparkassen Open A"]
[Site "Dortmund GER"]
[Date "2023.06.28"]
[Round "5.4"]
[White "Pranav, Anand"]
[Black "Mendonca, Leon Luke"]
[Result "0-1"]
[WhiteTitle "GM"]
[BlackTitle "GM"]
[WhiteElo "2510"]
[BlackElo "2623"]
[WhiteFideId "46626786"]
[BlackFideId "35028561"]
[EventDate "2023.06.24"]

1. d4 Nf6 2. c4 e6 3. g3 d5 4. Nf3 Be7 5. Bg2 O-O 6. O-O c6 7. Qc2 b6 8. Bf4 Ba6
9. Nbd2 Nbd7 10. Rfd1 Nh5 11. Be3 Rc8 12. Rac1 Nhf6 13. Bg5 Bb7 14. Qb1 a5 15.
e4 Nxe4 16. Nxe4 dxe4 17. Bxe7 Qxe7 18. Qxe4 Rfd8 19. Qe3 Qb4 20. Rd2 a4 21. a3
Qa5 22. c5 Ba6 23. h4 Bb5 24. Rdd1 Qa7 25. g4 Nf6 26. Ne5 Nd7 27. h5 h6 28. Nxd7
Rxd7 29. g5 bxc5 30. dxc5 Rcd8 31. Re1 Rd3 32. Qf4 Qe7 33. g6 Qf6 34. gxf7+ Kxf7
35. Re4 Rd1+ 36. Rxd1 Rxd1+ 37. Kh2 Qxf4+ 38. Rxf4+ Ke7 39. Rg4 Kf7 40. Rf4+ Ke7
41. Rg4 Kf6 42. Rf4+ Ke5 43. Re4+ Kf5 44. Re3 Rd2 45. Kg3 Rxb2 46. Bh3+ Kf6 47.
Rxe6+ Kf7 48. Re3 Rc2 49. Bf5 Rxc5 50. Bg6+ Kf6 51. f4 Rc1 52. Re8 Rc3+ 53. Kg4
Bc4 54. Rf8+ Ke7 55. Re8+ Kd6 56. Rd8+ Kc5 57. Ra8 Rxa3 58. Bc2 Ra2 59. Bxa4 Bb5 0-1

[Event "50th Sparkassen Open A"]
[Site "Dortmund GER"]
[Date "2023.06.28"]
[Round "5.5"]
[White "Svane, Rasmus"]
[Black "Rathanvel, V S"]
[Result "1/2-1/2"]
[WhiteTitle "GM"]
[BlackTitle "IM"]
[WhiteElo "2616"]
[BlackElo "2463"]
[WhiteFideId "4657101"]
[BlackFideId "25002112"]
[EventDate "2023.06.24"]

1. e4 c5 2. c3 Nf6 3. e5 Nd5 4. Bc4 Nb6 5. Bb3 Nc6 6. d4 cxd4 7. cxd4 d6 8. e6
fxe6 9. Nc3 g6 10. h4 Bg7 11. Nf3 e5 12. dxe5 Bg4 13. exd6 Nd4 14. Be3 Bxf3 15.
gxf3 Qxd6 16. O-O Rf8 17. Bxd4 Qxd4 18. Qxd4 Bxd4 19. Nb5 O-O-O 20. Rae1 Bf6 21.
Nxa7+ Kb8 22. Nb5 Rd2 23. Re4 Rfd8 24. Rb1 1/2-1/2

[Event "50th Sparkassen Open A"]
[Site "Dortmund GER"]
[Date "2023.06.28"]
[Round "5.6"]
[White "Buckels, Valentin"]
[Black "Ponomariov, Ruslan"]
[Result "0-1"]
[WhiteTitle "IM"]
[BlackTitle "GM"]
[WhiteElo "2442"]
[BlackElo "2664"]
[WhiteFideId "12942766"]
[BlackFideId "14103320"]
[EventDate "2023.06.24"]

1. d4 Nf6 2. Nf3 e6 3. Bf4 c5 4. e3 cxd4 5. exd4 Be7 6. Be2 O-O 7. O-O b6 8. c4
Bb7 9. Nc3 d5 10. b3 Nc6 11. Ne5 Na5 12. Bf3 Rc8 13. Rc1 dxc4 14. Bxb7 Nxb7 15.
bxc4 Na5 16. Nb1 Nd7 17. Qe2 Nxe5 18. Bxe5 Nc6 19. Rfd1 Nxe5 20. Qxe5 Bf6 21.
Qe4 Qd7 22. d5 Rfd8 23. Nc3 Bxc3 24. Rxc3 Qa4 25. Qd4 exd5 26. h3 g6 27. Rdd3
dxc4 28. Qxd8+ Rxd8 29. Rxd8+ Kg7 30. a3 Qc6 31. Rd4 b5 32. Rf4 Qd5 33. g4 Qe5
34. Rff3 a5 35. a4 b4 36. Rxc4 Qd5 37. Rff4 b3 38. Rfd4 Qxc4 0-1

[Event "50th Sparkassen Open A"]
[Site "Dortmund GER"]
[Date "2023.06.28"]
[Round "5.7"]
[White "Svane, Frederik"]
[Black "Muthaiah, AL"]
[Result "1-0"]
[WhiteTitle "GM"]
[BlackTitle "IM"]
[WhiteElo "2603"]
[BlackElo "2439"]
[WhiteFideId "12923044"]
[BlackFideId "5092442"]
[EventDate "2023.06.24"]

1. Nf3 Nf6 2. d4 d5 3. Bf4 e6 4. Nbd2 Bd6 5. Bg5 Be7 6. c3 Nbd7 7. e3 O-O 8. Bd3
c5 9. O-O h6 10. Bf4 b6 11. Ne5 Bb7 12. Qf3 Bd6 13. Rad1 Qc7 14. Qg3 Nh5 15. Qh3
Nxf4 16. exf4 Nf6 17. Rfe1 cxd4 18. cxd4 Ne4 19. Nf1 f5 20. f3 Bxe5 21. fxe5 Ng5
22. Qg3 Qf7 23. Qf2 Rfc8 24. Ng3 Nh7 25. Ne2 Nf8 26. f4 a5 27. Nc3 Bc6 28. Kh1
Ng6 29. Rg1 Rf8 30. Qf3 Rac8 31. Rdf1 Ne7 32. Be2 Qe8 33. Qd3 Rb8 34. Rc1 b5 35.
Nd1 b4 36. Rc5 a4 37. Ne3 Qd7 38. Rgc1 Rfc8 39. Qd2 Qb7 40. g4 fxg4 41. Bxg4 Bd7
42. Rxc8+ Rxc8 43. Rg1 Rf8 44. Qg2 Nc6 45. Nxd5 Kh8 46. Bf3 Rf7 47. Nf6 Qc8 48.
Qg6 1-0

[Event "50th Sparkassen Open A"]
[Site "Dortmund GER"]
[Date "2023.06.28"]
[Round "5.8"]
[White "Materia, Marco"]
[Black "Wagner, Dennis"]
[Result "1/2-1/2"]
[WhiteTitle "IM"]
[BlackTitle "GM"]
[WhiteElo "2436"]
[BlackElo "2598"]
[WhiteFideId "45150451"]
[BlackFideId "24650684"]
[EventDate "2023.06.24"]

1. d4 Nf6 2. c4 e6 3. Nf3 b6 4. g3 Bb7 5. Bg2 Bb4+ 6. Bd2 c5 7. O-O O-O 8. Bxb4
cxb4 9. Nbd2 d6 10. a3 bxa3 11. Rxa3 Nc6 12. Re1 Qc7 13. e4 e5 14. Rd3 Nb4 15.
Rde3 Rfe8 16. Qb3 a5 17. Nb1 Ba6 18. Na3 Rad8 19. h3 h6 20. Qc3 Rc8 21. Bf1 Qb8
22. Qd2 Nh7 23. Rc3 Nf8 24. Nh4 Rcd8 25. f4 exd4 26. Qxd4 d5 27. cxd5 Rxd5 28.
exd5 Rxe1 29. Nc4 Qc8 30. g4 Qc5 31. Qxc5 bxc5 32. Ng2 Rb1 33. Nge3 Nd7 34. d6
g5 35. fxg5 hxg5 36. Kf2 a4 37. Bg2 Nf6 38. Bf3 Kf8 39. h4 gxh4 40. g5 Nd7 41.
Be4 Ra1 42. Ra3 Rc1 43. Rc3 Rxc3 44. bxc3 Na2 45. Bc6 Nb8 46. Bxa4 Nxc3 47. Bc2
Bc8 48. Ne5 Be6 49. Ng2 Nb5 50. g6 Nxd6 51. gxf7 Nxf7 52. Ng6+ Kg7 53. N6f4 Bd7
54. Nxh4 Kf6 55. Nf3 Na6 56. Bb3 Nd6 57. Nd5+ Kf5 58. Ke3 Nb4 59. Nxb4 cxb4 60.
Nd4+ Ke5 61. Nc2 Nf5+ 62. Kd3 Bb5+ 63. Bc4 b3 64. Bxb5 bxc2 65. Kxc2 Nd4+ 66.
Kb1 Nxb5 1/2-1/2

[Event "50th Sparkassen Open A"]
[Site "Dortmund GER"]
[Date "2023.06.28"]
[Round "5.9"]
[White "Safarli, Eltaj"]
[Black "Wadsworth, Matthew J"]
[Result "1/2-1/2"]
[WhiteTitle "GM"]
[BlackTitle "IM"]
[WhiteElo "2609"]
[BlackElo "2431"]
[WhiteFideId "13402129"]
[BlackFideId "415804"]
[EventDate "2023.06.24"]

1. e4 c6 2. d4 d5 3. exd5 cxd5 4. Bd3 Nc6 5. c3 Nf6 6. Bf4 Bg4 7. Qb3 Qd7 8. Nd2
e6 9. Ngf3 Bd6 10. Bxd6 Qxd6 11. O-O O-O 12. Rfe1 Ne7 13. a4 Bf5 14. Bf1 Qc7 15.
a5 a6 16. Qa3 h6 17. Ne5 Nc6 18. Nxc6 Qxc6 19. Re3 Ng4 20. Rg3 Qc7 21. Be2 Qf4
22. Bxg4 Qxd2 23. Bxf5 exf5 24. Qd6 f4 25. Rg4 Rae8 26. h4 Qxb2 27. Qxh6 Qxa1+
28. Kh2 g6 29. Rxg6+ fxg6 30. Qxg6+ Kh8 31. Qh6+ Kg8 32. Qg6+ Kh8 1/2-1/2

[Event "50th Sparkassen Open A"]
[Site "Dortmund GER"]
[Date "2023.06.28"]
[Round "5.11"]
[White "Laurent-Paoli, Pierre"]
[Black "Meins, Gerlef"]
[Result "1/2-1/2"]
[WhiteTitle "IM"]
[BlackTitle "IM"]
[WhiteElo "2552"]
[BlackElo "2413"]
[WhiteFideId "26017962"]
[BlackFideId "4620895"]
[EventDate "2023.06.24"]

1. d4 Nf6 2. c4 e6 3. Nf3 b6 4. g3 Bb7 5. Bg2 Be7 6. O-O O-O 7. h4 d5 8. cxd5
Bxd5 9. Nc3 Bb7 10. Qc2 c5 11. Rd1 cxd4 12. Nxd4 Bxg2 13. Kxg2 Qc8 14. e4 Qb7
15. f3 Nc6 16. Nxc6 Qxc6 17. Be3 Rfd8 18. Rac1 b5 19. Rxd8+ Bxd8 20. Ne2 Qxc2
21. Rxc2 Kf8 22. Nd4 a6 23. g4 h5 24. g5 Nd7 25. f4 e5 26. Ne2 Bb6 27. Bxb6 Nxb6
28. Rc6 Nc4 29. b3 Nd2 30. fxe5 Re8 31. Ng3 Rxe5 32. Rc2 Nb1 33. Rc1 Na3 34.
Rc8+ Re8 35. Rc6 g6 36. Rxa6 Nc2 37. a4 bxa4 38. bxa4 Rc8 39. a5 Nd4 40. Kf2 Rc3
41. Rb6 Rf3+ 42. Kg2 Ra3 43. a6 Ra2+ 44. Kf1 Ne6 45. e5 Nc5 46. Rc6 Nxa6 47. Ne4
Nb4 48. Rc7 Nd3 49. Nf6 Ra1+ 50. Kg2 Nxe5 51. Nd7+ Nxd7 52. Rxd7 Ra3 53. Rb7 Rd3
54. Ra7 Ke8 55. Rb7 Rd7 56. Rb3 Ke7 57. Kg3 Rd5 58. Re3+ Kd6 59. Rf3 Ke6 60.
Rf6+ Ke7 61. Rf3 Rf5 62. Ra3 Rd5 63. Rf3 Rd6 64. Re3+ Re6 65. Rf3 f5 66. gxf6+
Rxf6 67. Rxf6 Kxf6 68. Kf4 g5+ 69. hxg5+ Kg6 70. Kg3 Kxg5 71. Kh3 h4 72. Kh2 h3
73. Kxh3 1/2-1/2

[Event "50th Sparkassen Open A"]
[Site "Dortmund GER"]
[Date "2023.06.28"]
[Round "5.12"]
[White "Moksh, Amit Doshi"]
[Black "Bailet, Pierre"]
[Result "1/2-1/2"]
[WhiteTitle "IM"]
[BlackTitle "GM"]
[WhiteElo "2397"]
[BlackElo "2513"]
[WhiteFideId "25064967"]
[BlackFideId "655830"]
[EventDate "2023.06.24"]

1. d4 Nf6 2. c4 e6 3. Nf3 b6 4. g3 Bb7 5. Bg2 Bb4+ 6. Bd2 Bxd2+ 7. Qxd2 d6 8.
O-O O-O 9. Qf4 Nc6 10. Nc3 Ne7 11. e4 Ng6 12. Qe3 c5 13. Rad1 Qe7 14. Rfe1 Rad8
15. h3 Rfe8 16. Rd2 a6 17. Red1 Qc7 18. dxc5 dxc5 19. Ne1 1/2-1/2

[Event "50th Sparkassen Open A"]
[Site "Dortmund GER"]
[Date "2023.06.28"]
[Round "5.13"]
[White "Colpe, Malte"]
[Black "Raja, Harshit"]
[Result "0-1"]
[WhiteTitle "IM"]
[BlackTitle "GM"]
[WhiteElo "2382"]
[BlackElo "2510"]
[WhiteFideId "24623075"]
[BlackFideId "5089000"]
[EventDate "2023.06.24"]

1. d4 Nf6 2. c4 e6 3. Nc3 Bb4 4. e3 O-O 5. Bd2 c5 6. a3 Bxc3 7. Bxc3 Ne4 8. Ne2
b6 9. d5 d6 10. Qd3 Nxc3 11. Nxc3 e5 12. e4 f5 13. exf5 Bxf5 14. Qe3 Nd7 15. Be2
Qh4 16. g3 Qh3 17. Bf1 Qh5 18. Be2 Qh3 19. Bf1 Qh5 20. Be2 Qf7 21. O-O Rae8 22.
Nb5 Qg6 23. Nxa7 e4 24. Nc6 Bg4 25. Rfe1 Nf6 26. Bf1 Nh5 27. Bg2 Nf4 28. Bxe4
Nh3+ 29. Kg2 Qxe4+ 30. Qxe4 Rxf2+ 31. Kh1 Rxe4 32. Rxe4 Bf3# 0-1

[Event "50th Sparkassen Open A"]
[Site "Dortmund GER"]
[Date "2023.06.28"]
[Round "5.14"]
[White "Samant, Aditya S"]
[Black "Akesson, Ralf"]
[Result "1-0"]
[WhiteTitle "IM"]
[BlackTitle "GM"]
[WhiteElo "2503"]
[BlackElo "2402"]
[WhiteFideId "35080580"]
[BlackFideId "1700120"]
[EventDate "2023.06.24"]

1. e4 c6 2. d4 d5 3. e5 Bf5 4. Nf3 e6 5. Be2 Nd7 6. O-O Bg6 7. Nbd2 Ne7 8. Nb3
Qc7 9. a4 Nc8 10. Nh4 c5 11. c3 a6 12. Be3 Na7 13. Nxg6 hxg6 14. Nd2 Nc6 15. Nf3
Rc8 16. g3 cxd4 17. cxd4 Qb6 18. Rc1 Be7 19. h4 O-O 20. Bd3 Nb4 21. Bb1 Rxc1 22.
Bxc1 Rc8 23. Kg2 Nf8 24. Rh1 Qc6 25. Bd2 f5 26. exf6 gxf6 27. h5 g5 28. h6 Qe8
29. Qe2 Nc6 30. b4 Bd6 31. b5 axb5 32. axb5 Ne7 33. h7+ Kh8 34. Nxg5 fxg5 35.
Bxg5 Qf7 36. Rh6 Nfg6 37. Qh5 Rf8 38. f4 Nxf4+ 39. gxf4 Qxh5 40. Rxh5 Nf5 41.
Bxf5 1-0

[Event "50th Sparkassen Open A"]
[Site "Dortmund GER"]
[Date "2023.06.28"]
[Round "5.15"]
[White "Mathieu, Phileas"]
[Black "Raja, Rithvik R"]
[Result "0-1"]
[WhiteTitle "FM"]
[BlackTitle "GM"]
[WhiteElo "2377"]
[BlackElo "2488"]
[WhiteFideId "36048410"]
[BlackFideId "35007394"]
[EventDate "2023.06.24"]

1. e4 c5 2. Nf3 d6 3. d4 cxd4 4. Nxd4 Nf6 5. Nc3 a6 6. Bd3 g6 7. f3 Qb6 8. Nb3
Bg7 9. Qe2 Nc6 10. Be3 Qc7 11. g4 Be6 12. O-O-O h5 13. h3 Nd7 14. Nd5 Bxd5 15.
exd5 Nce5 16. Be4 Qc4 17. Qg2 Nf6 18. Rd4 Qc7 19. Bd3 Rc8 20. Re1 hxg4 21. hxg4
Rh3 22. f4 Rg3 23. Qe2 Nfxg4 24. fxe5 Rxe3 25. Qxg4 Rxd3 26. c3 Rxd4 27. Nxd4
Bxe5 28. Qh4 Qc4 29. Kb1 Qd3+ 30. Ka1 Qg3 31. Qe4 Bf6 32. Nf3 Qg2 33. Qe3 Rc5
34. Rd1 Rb5 35. Rb1 Rxd5 36. Ne1 Qg4 37. Qb6 Rd1 38. Qb3 Rxb1+ 39. Kxb1 Qe4+ 0-1

[Event "50th Sparkassen Open A"]
[Site "Dortmund GER"]
[Date "2023.06.28"]
[Round "5.16"]
[White "Feuerstack, Aljoscha"]
[Black "Souhardo, Basak"]
[Result "1/2-1/2"]
[WhiteTitle "IM"]
[BlackTitle "IM"]
[WhiteElo "2462"]
[BlackElo "2400"]
[WhiteFideId "4681932"]
[BlackFideId "35092910"]
[EventDate "2023.06.24"]

1. e4 c5 2. Nf3 d6 3. d4 cxd4 4. Nxd4 Nf6 5. Nc3 a6 6. a3 e6 7. Be3 Be7 8. g4 d5
9. exd5 Nxd5 10. Nxd5 Qxd5 11. Rg1 Qa5+ 12. Qd2 Qxd2+ 13. Bxd2 Bf6 14. Be3 Bd7
15. O-O-O Nc6 16. Nb3 Be5 17. Nc5 O-O-O 18. f4 Bc7 19. Bg2 Be8 20. b4 Rxd1+ 21.
Rxd1 Nd8 22. h3 Bc6 23. Bf1 Bf3 24. Rd3 Nc6 25. Rd7 Rd8 26. Rxd8+ Bxd8 27. Bd3
h5 28. g5 g6 29. Ne4 Bc7 30. Nd2 1/2-1/2